[Event "Challenge"]
[Site "http://www.queenalice.com/game.php?id=1072028"]
[Date "2012.6.14"]
[Round "-"]
[White "MIRANDA"]
[Black "los6enanitos"]
[Result "0-1"]
[WhiteElo "1100"]
[BlackElo "1715"]

1. e4 e5 2. Nf3 d6 3. Bc4 a6 4. Nc3 b5 5. Bb3 h6 6. d3 Be6 7. Be3 Bxb3 8. axb3
c6 9. d4 exd4 10. Bxd4 c5 11. Be3 Nc6 12. Bd2 Qf6 13. Nd5 Qd8 14. Nh4 Nf6 15.
O-O Nxd5 16. exd5 Ne5 17. Ba5 Qxh4 18. Qd2 Ng4 19. h3 Ne5 20. Rfe1 g5 21. Qe3 f6
22. Qg3 Qxg3 23. fxg3 b4 24. c3 Be7 25. Bc7 Kd7 26. Bb6 Rab8 27. Ba5 Bd8 28.
Bxd8 Rhxd8 29. Rxa6 Re8 30. Ra7+ Kd8 31. Ra6 Nf7 32. Rea1 Ke7 33. Ra7+ Kf8 34.
R1a6 bxc3 35. bxc3 Rxb3 36. Rc7 Rxc3 37. Raa7 Ne5 38. Kf2 Rd3 39. h4 Rxd5 40.
Rd7 Nxd7 41. Rxd7 Rc8 0-1

[Event "Challenge"]
[Site "http://www.queenalice.com/game.php?id=1073760"]
[Date "2012.6.19"]
[Round "-"]
[White "MIRANDA"]
[Black "RJGF"]
[Result "1-0"]
[WhiteElo "1171"]
[BlackElo "1737"]

1. e4 e6 2. Nf3 f5 3. d3 fxe4 4. dxe4 d6 5. Bg5 Be7 6. Qd2 e5 7. Bc4 h6 8. Bxe7
Qxe7 9. Nc3 Nf6 10. Nd5 Nxd5 11. Bxd5 c6 12. Bc4 Be6 13. Bxe6 Qxe6 14. Nh4 d5
15. Nf5 Qf7 16. Nd6+ Ke7 17. Nxf7 Kxf7 18. Rd1 Rd8 19. Qe3 d4 20. Qf3+ 1-0

[Event "Challenge"]
[Site "http://www.queenalice.com/game.php?id=1078499"]
[Date "2012.7.2"]
[Round "-"]
[White "MIRANDA"]
[Black "tio_revas"]
[Result "1-0"]
[WhiteElo "1110"]
[BlackElo "1508"]

1. e4 d5 2. d3 Nf6 3. Nc3 Bg4 4. Nf3 Nc6 5. Bg5 h6 6. Bxf6 exf6 7. exd5 Nb4 8.
Qe2+ Qe7 9. Qxe7+ Bxe7 10. O-O-O O-O 11. Be2 Bd6 12. Nd4 Bf4+ 13. Kb1 c5 14. Nb3
h5 15. h3 Bxe2 16. Nxe2 Rac8 17. Nxf4 Rfe8 18. c3 Na6 19. Nxh5 b6 20. d4 c4 21.
Nd2 Re2 22. d6 Rxf2 23. Rhf1 Rxg2 24. d7 Rd8 25. Nxc4 Rxd7 26. Nf4 b5 27. Nxg2
g5 28. Nce3 Re7 29. Rxf6 Rxe3 30. Nxe3 Nc7 31. Rdf1 Ne6 32. Rxf7 g4 33. Nxg4 Kh8
34. R1f6 Ng7 35. d5 Kh7 36. d6 b4 37. d7 bxc3 38. bxc3 a6 39. d8=Q a5 40. Qd3+
Kg8 41. Qg6 1-0

[Event "Challenge"]
[Site "http://www.queenalice.com/game.php?id=1081686"]
[Date "2012.7.11"]
[Round "-"]
[White "MIRANDA"]
[Black "vcmiranda"]
[Result "0-1"]
[WhiteElo "1100"]
[BlackElo "1419"]

1. e4 e5 2. Nf3 Nc6 3. Bc4 Qf6 4. Nc3 Bc5 5. d3 Nd4 6. Nd5 Qd6 7. Be3 Nf6 8.
Nxf6+ Qxf6 9. Bg5 Qg6 10. c3 Nxf3+ 11. Qxf3 O-O 12. O-O Qxg5 13. Rad1 d5 14.
Bxd5 Bg4 15. Qg3 h5 16. h3 h4 17. Qxg4 Qf6 18. Qd7 Rad8 19. Qxc7 Rc8 20. Qxb7
Rb8 21. Qc6 Qf4 22. Qxc5 Rxb2 23. Qxa7 Re2 24. Rde1 Rc2 25. c4 Kh7 26. Qa4 Rb8
27. Qxc2 f6 28. Re3 Rd8 29. Qe2 Rd6 30. Qf3 g5 31. Qh5+ Kg7 32. Qf7+ Kh6 33.
Qf8+ Kg6 34. Qxd6 g4 35. f3 Qxe3+ 36. Rf2 g3 37. Kh1 Qe1+ 38. Rf1 Qxf1# 0-1

[Event "Challenge"]
[Site "http://www.queenalice.com/game.php?id=1081687"]
[Date "2012.7.11"]
[Round "-"]
[White "MIRANDA"]
[Black "vcmiranda"]
[Result "0-1"]
[WhiteElo "1088"]
[BlackElo "1422"]

1. e4 e5 2. Nf3 Bd6 3. Bc4 Qf6 4. Nc3 Nc6 5. d3 Qg6 6. Bg5 f6 7. Bxg8 Rxg8 8.
Nh4 Qxg5 9. Nd5 Qxh4 10. Qe2 Nd4 11. Qd1 c6 12. Nc3 Bb4 13. a3 Bc5 14. O-O d6
15. Ne2 Qg5 16. c3 Nf3+ 17. Kh1 Nh4 18. Ng3 Bg4 19. f3 Bh5 20. Nxh5 Qxh5 21. b4
Be3 22. Qe2 Qg5 23. g3 Ng6 24. Rab1 b5 25. c4 a6 26. f4 exf4 27. gxf4 Nxf4 28.
Qf3 Bd4 29. Qxf4 Qxf4 30. Rxf4 g5 31. Rh4 gxh4 32. Rd1 O-O-O 33. cxb5 axb5 34.
Rf1 Rg4 35. Rf5 Rdg8 36. Rf1 h3 37. e5 Rg1+ 38. Rxg1 Rxg1# 0-1

[Event "Challenge"]
[Site "http://www.queenalice.com/game.php?id=1082726"]
[Date "2012.7.14"]
[Round "-"]
[White "MIRANDA"]
[Black "kaskarker"]
[Result "0-1"]
[WhiteElo "1100"]
[BlackElo "1940"]

1. e4 e5 2. Nf3 Nc6 3. Bc4 f6 4. Nh4 g6 5. Nc3 Nge7 6. d3 h5 7. Be3 d6 8. Nd5
Nxd5 9. Bxd5 Bd7 10. d4 Ne7 11. Qf3 Nxd5 12. exd5 Bg4 13. Qg3 g5 14. Nf3 e4 15.
Nd2 Qd7 16. O-O h4 17. Qxg4 Qxg4 18. h3 Qh5 19. Nc4 g4 20. hxg4 Qxg4 21. Na5 h3
22. Rae1 Qxg2# 0-1

[Event "Challenge"]
[Site "http://www.queenalice.com/game.php?id=1084608"]
[Date "2012.7.19"]
[Round "-"]
[White "sapobrasileiro"]
[Black "MIRANDA"]
[Result "1-0"]
[WhiteElo "1493"]
[BlackElo "1080"]

1. g3 e5 2. e4 Nf6 3. Bg2 Bc5 4. a3 Nc6 5. d3 d6 6. Bg5 h6 7. Bxf6 Qxf6 8. Qd2
Nd4 9. Nc3 Bg4 10. Nd5 Qd8 11. h3 Be6 12. b4 Bb6 13. Ne2 Nxe2 14. Kxe2 c6 15.
Nxb6 Qxb6 16. c4 d5 17. c5 Qb5 18. a4 Qa6 19. Qc3 d4 20. Qd2 Rd8 21. Bf3 Bb3 22.
Rhb1 Be6 23. b5 cxb5 24. axb5 Qxa1 25. Rxa1 f5 26. Rxa7 Rb8 27. exf5 Bxf5 28.
Rxb7 Ra8 29. Bc6+ Kf8 30. Rc7 g5 31. Bxa8 h5 32. Qxg5 Ke8 33. Qe7# 1-0

[Event "Challenge"]
[Site "http://www.queenalice.com/game.php?id=1093532"]
[Date "2012.8.16"]
[Round "-"]
[White "OiregorChessMaster"]
[Black "MIRANDA"]
[Result "0-1"]
[WhiteElo "1574"]
[BlackElo "1080"]

1. e4 e5 2. Nf3 Nc6 3. Bb5 Nf6 4. Bxc6 dxc6 5. Nxe5 Bg4 6. Nxg4 Nxg4 7. Qxg4 Bc5
8. Qxg7 Rf8 9. O-O Qe7 10. d4 Qxe4 11. Bh6 O-O-O 12. dxc5 Qe2 13. Nc3 Qxc2 14.
Ne4 Qxe4 15. Rad1 Rde8 16. h3 Rg8 17. f3 Qe6 18. Qxh7 Qe2 19. Qxf7 Qxg2# 0-1

[Event "Challenge"]
[Site "http://www.queenalice.com/game.php?id=1100911"]
[Date "2012.9.8"]
[Round "-"]
[White "MIRANDA"]
[Black "OiregorChessMaster"]
[Result "0-1"]
[WhiteElo "1193"]
[BlackElo "1619"]

1. e4 c5 2. Nf3 d6 3. Bb5+ Nc6 4. Nc3 Bd7 5. d4 cxd4 6. Nxd4 Nf6 7. Bg5 e5 8.
Bxf6 Qxf6 9. Nd5 Qd8 10. Nc3 Nxd4 11. O-O Nxb5 12. Qd5 Bc6 13. Qb3 Nd4 14. Qb4
Nxc2 15. Qb3 Nxa1 16. Qd1 Nc2 17. Qxc2 Rc8 18. Qb3 Be7 19. Rd1 O-O 20. Rd3 Kh8
21. Rh3 Bxe4 22. Qd1 Bf5 23. Rg3 Bh4 24. Rf3 Bg4 25. Nd5 e4 26. h3 Bh5 27. g4
exf3 28. gxh5 Qg5+ 29. Kf1 Qg2+ 30. Ke1 Qxf2# 0-1

[Event "Challenge"]
[Site "http://www.queenalice.com/game.php?id=1102699"]
[Date "2012.9.14"]
[Round "-"]
[White "lincolnmarley"]
[Black "MIRANDA"]
[Result "1-0"]
[WhiteElo "1463"]
[BlackElo "1114"]

1. e4 e5 2. Nf3 Nc6 3. Bb5 Nf6 4. O-O a6 5. Ba4 b5 6. Bb3 Bc5 7. Re1 d6 8. c3
Bg4 9. h3 h5 10. hxg4 hxg4 11. Ng5 g3 12. d4 Ng4 13. f3 exd4 14. fxg4 dxc3+ 15.
Kf1 Qf6+ 16. Qf3 Qh6 17. Qxf7+ Kd8 18. Ne6+ Kc8 19. Qxc7# 1-0

[Event "Challenge"]
[Site "http://www.queenalice.com/game.php?id=1102700"]
[Date "2012.9.14"]
[Round "-"]
[White "MIRANDA"]
[Black "lincolnmarley"]
[Result "0-1"]
[WhiteElo "1193"]
[BlackElo "1567"]

1. e4 c5 2. Nf3 d6 3. Nc3 Nc6 4. Bc4 e6 5. d3 Nf6 6. Bg5 Be7 7. d4 cxd4 8. Nxd4
Nxd4 9. Qxd4 O-O 10. Rd1 a6 11. e5 dxe5 12. Qxe5 Qb6 13. Qg3 Qxb2 14. Bh6 Nh5
15. Qg4 Qxc3+ 16. Ke2 Qe5+ 17. Kf1 Qf6 18. g3 Qg6 19. Qd4 Qxh6 20. Qe4 Rd8 21.
Rxd8+ Bxd8 22. g4 Nf6 23. Qe2 Qh3+ 24. Ke1 Ba5+ 25. Kd1 Nxg4 26. Rg1 e5 27. Qe4
Nxf2+ 28. Kc1 Nxe4 29. Bd5 Qe3+ 30. Kb1 Qxg1+ 31. Kb2 Bc3+ 32. Kb3 Qb1+ 33. Kc4
b5+ 34. Kd3 Qd1+ 35. Kxe4 Qe2# 0-1

[Event "Challenge"]
[Site "http://www.queenalice.com/game.php?id=1103676"]
[Date "2012.9.17"]
[Round "-"]
[White "MIRANDA"]
[Black "Colincln"]
[Result "1-0"]
[WhiteElo "1171"]
[BlackElo "1100"]

1. e4 e5 2. Nf3 Nc6 3. Bc4 a6 4. Nc3 f6 5. d3 d6 6. O-O Nb4 7. Bd2 Nxd3 8. cxd3
c5 9. Nd5 Bg4 10. h3 Bxf3 11. Qxf3 Ne7 12. Qg3 h5 13. Rac1 Rh6 14. Bxh6 gxh6 15.
Nxf6# 1-0

[Event "Challenge"]
[Site "http://www.queenalice.com/game.php?id=1111071"]
[Date "2012.10.10"]
[Round "-"]
[White "MIRANDA"]
[Black "ThiagoSousa"]
[Result "0-1"]
[WhiteElo "1191"]
[BlackElo "1328"]

1. e4 c5 2. Nf3 Nc6 3. Bc4 a6 4. Nc3 b5 5. Bb3 c4 6. d4 cxb3 7. axb3 e6 8. Bf4
Nf6 9. Qd2 h6 10. d5 g5 11. Be5 Nxe5 12. Nxe5 Bd6 13. Qd4 Qc7 14. Nd3 e5 15. Qe3
b4 16. Na4 Qxc2 17. Nc1 Qxe4 18. Qxe4 Nxe4 19. O-O Bb7 20. Nd3 Nd2 21. Rfd1 Nxb3
22. Rab1 Bxd5 23. Ne1 Be4 24. Nd3 O-O 25. Re1 Nd2 26. Rbc1 Bxd3 27. Re3 Nb3 28.
Rd1 Nc5 29. Nxc5 Bxc5 30. Rexd3 d6 31. Rh3 Kg7 32. g3 f5 33. Rd3 e4 34. Rd2 e3
35. fxe3 Bxe3+ 36. Kf1 Bxd2 37. Ke2 g4 38. Rh5 Kg6 39. Rxh6+ Bxh6 40. Kf2 Rac8
41. Kg1 Be3+ 42. Kf1 Rc1+ 43. Ke2 Re8 44. b3 Rc2+ 45. Kd3 Rc3+ 46. Ke2 Bg5+ 47.
Kf2 Rc2+ 48. Kf1 Ree2 49. h3 gxh3 50. Kg1 Rc1# 0-1

[Event "Challenge"]
[Site "http://www.queenalice.com/game.php?id=1111072"]
[Date "2012.10.10"]
[Round "-"]
[White "MIRANDA"]
[Black "Araiazlui"]
[Result "1-0"]
[WhiteElo "1177"]
[BlackElo "1100"]

1. e4 e5 2. Nf3 d6 3. Nc3 Nc6 4. Bc4 Nf6 5. d3 g6 6. Bg5 Be7 7. Nd5 Nxd5 8. Bxe7
Ncxe7 9. exd5 Bf5 10. h3 h5 11. Qd2 Qd7 12. Qb4 c5 13. Qb5 Nc6 14. Ng5 O-O 15.
dxc6 bxc6 16. Qb3 Rae8 17. O-O d5 18. Ba6 c4 19. dxc4 e4 20. Rfd1 Bxh3 21. cxd5
Qg4 22. Qg3 Qf5 23. dxc6 e3 24. Bd3 exf2+ 25. Kf1 Bxg2+ 26. Qxg2 Re2 27. Bxe2
Re8 28. Bc4 Qxc2 29. Bxf7+ Kf8 30. Bxe8 Kxe8 31. Qxf2 Qc4+ 32. Qe2+ Qxe2+ 33.
Kxe2 1-0

[Event "Challenge"]
[Site "http://www.queenalice.com/game.php?id=1111073"]
[Date "2012.10.10"]
[Round "-"]
[White "MIRANDA"]
[Black "dourado86"]
[Result "1-0"]
[WhiteElo "1264"]
[BlackElo "1327"]

1. e4 e5 2. Nf3 Nc6 3. Bc4 Nf6 4. Nc3 Nxe4 5. d3 Nd6 6. Be3 Nxc4 7. dxc4 Qf6 8.
Bg5 Qf5 9. O-O Bd6 10. Re1 O-O 11. Qd2 h6 12. Nh4 Qe6 13. Be3 Qxc4 14. Nf5 Be7
15. Rad1 d5 16. Qxd5 Qxd5 17. Nxd5 Bxf5 18. Nxc7 Rac8 19. Nb5 a6 20. Nc3 Nb4 21.
Nd5 Bd6 22. a3 Nxc2 23. Re2 Nxe3 24. Nxe3 Bg6 25. Rxd6 Be4 26. h3 Rc1+ 27. Nf1
Bf5 28. Rxe5 Bg6 29. f3 f6 30. Re7 b5 31. Rdd7 Bf7 32. Kf2 g5 33. Ne3 Rc6 34.
Nf5 Be6 35. Rd6 Rxd6 36. Nxd6 Bd5 37. Nf5 h5 38. Nh6+ Kh8 39. Ra7 Be6 40. Rxa6
Bd7 41. g4 Kh7 42. Nf5 hxg4 43. fxg4 1-0

[Event "Challenge"]
[Site "http://www.queenalice.com/game.php?id=1111076"]
[Date "2012.10.10"]
[Round "-"]
[White "MIRANDA"]
[Black "EricOlejaz"]
[Result "1-0"]
[WhiteElo "1194"]
[BlackElo "1489"]

1. e4 e5 2. Nf3 d6 3. Bc4 b6 4. Bd5 c6 5. Bb3 Ba6 6. Nc3 h6 7. d4 Nd7 8. Be3
Ngf6 9. d5 c5 10. Qd2 Be7 11. Nh4 Ng4 12. Nf5 Kf8 13. h3 Nxe3 14. Qxe3 Bg5 15.
Qf3 1-0

[Event "Challenge"]
[Site "http://www.queenalice.com/game.php?id=1113942"]
[Date "2012.10.19"]
[Round "-"]
[White "MIRANDA"]
[Black "MONSTERXADREZ"]
[Result "1-0"]
[WhiteElo "1229"]
[BlackElo "1564"]

1. e4 Nf6 2. Nc3 e6 3. Bc4 c6 4. d3 d5 5. Bb3 d4 6. Nce2 Be7 7. Bg5 c5 8. Nf3
Qa5+ 9. Qd2 Qb6 10. a4 Qd6 11. Qf4 e5 12. Nxe5 Nc6 13. Nxc6 bxc6 14. Qxd6 Bxd6
15. Bxf6 gxf6 16. Ng3 Rg8 17. Nf5 Bxf5 18. exf5 Rxg2 19. Kf1 Rg5 20. Re1+ Kf8
21. h4 Rxf5 22. Bc4 Bg3 23. Re2 Be5 24. h5 h6 25. Rh3 a5 26. b3 Ke7 27. Rh4 Rg8
28. Ke1 Rg1+ 29. Kd2 Kf8 30. Re1 Rxf2+ 31. Kd1 Rxe1+ 32. Kxe1 Rxc2 33. Kd1 Rg2
34. Rh3 Rg1+ 35. Ke2 Rg2+ 36. Kf3 1-0

[Event "Challenge"]
[Site "http://www.queenalice.com/game.php?id=1151090"]
[Date "2013.2.12"]
[Round "-"]
[White "MIRANDA"]
[Black "nbauer"]
[Result "0-1"]
[WhiteElo "1306"]
[BlackElo "1078"]

1. e4 Nf6 2. Nc3 e5 3. Nf3 Qe7 4. Bc4 Nc6 5. d3 d6 6. Bg5 b5 7. Nd5 Qe6 8. Nxc7+
Kd7 9. Nxe6 fxe6 10. Bxf6 gxf6 11. O-O Ba6 0-1